Lucky Luce balada bratov Daltonovcov

Bibliographic Details
Format: Book
Language:Slovak
PhysicalDescription:1 videokazeta (85 min.) stereo, fareb., VHS systém PAL 10x19 cm
Published: Bratislava Intrersonic 1997
Subjects:

MARC

LEADER 00000nam a2200000 a 4500
001 vtls001309331
003 SK-MaSNL
005 20260302032958.0
008 130606s1997 xo 0 slo
015 |a SNBJ1997/04-01571 
035 |a SNK000261656 
040 |a SNK  |b slo  |c SNK  |e AACR2 
044 |a xo  |c SK 
080 |a 791.43-252(410)(086.8)  |2 1981 
245 1 |a Lucky Luce  |h videozáznam  |b balada bratov Daltonovcov 
260 |a Bratislava  |b Intrersonic  |c 1997 
300 |a 1 videokazeta (85 min.)  |b stereo, fareb., VHS systém PAL  |c 10x19 cm 
521 |a Pre deti aj dospelých 
650 0 7 |a rozprávky filmové  |x videokazety  |2 SNK  |9 284201 
655 7 |a videokazety  |2 SNK  |9 70726 
999 |c 1059526  |d 1061456 
952 |t P60, <03>, [BOOK], {603}  |a SNK  |b SNK  |y PREZ  |7 0  |p 17A0092219  |o snkSVC 951  |i snkJK 532/97  |0 0  |1 0  |4 0  |d 1997-11-06  |l 0  |r 2005-01-02 00:00:00  |w 2026-02-24